[Event "Titled Tuesday intern op 02nd Apr Late"]
[Site "Chess.com INT"]
[Date "2024.04.02"]
[Round "11"]
[White "Houhou, Alexandre"]
[Black "Torres, Yelfry"]
[Result "0-1"]
[WhiteElo "2121"]
[BlackElo "2061"]
[PlyCount "70"]
[EventDate "2024.04.02"]
[EventType "swiss (blitz)"]
[EventRounds "11"]
[EventCountry "USA"]
[SourceTitle "CBM 219 Extra"]
[Source "ChessBase"]
[SourceDate "2024.05.31"]
[SourceVersion "1"]
[SourceVersionDate "2024.05.31"]
[SourceQuality "1"]

1. e4 d6 2. d4 Nf6 3. Bd3 e5 4. c3 Be7 5. Nf3 Bg4 6. h3 Bxf3 7. Qxf3 Nbd7 8. 0-0 0-0 9. Nd2 c6 10. Re1 Qc7 11. a4 a5 12. Nf1 Rfe8 13. Ne3 Bf8 14. Nf5 Kh8 15. Bg5 Ng8 16. Bc4 f6 17. Be3 Nb6 18. Bb3 g6 19. Ng3 Bg7 20. h4 Ne7 21. h5 g5 22. h6 Bxh6 23. Qxf6+ Bg7 24. Qxg5 Ng6 25. Nf5 Rf8 26. Kh2 Bf6 27. Qh6 d5 28. Rh1 exd4+ 29. Kg1 dxe3 30. Qxg6 exf2+ 31. Kxf2 dxe4 32. Rh5 Rad8 33. Rah1 Rd7 34. Be6 Qf4+ 35. Kg1 Rd1# 0-1

[Event "Charlotte Spring op"]
[Site "Charlotte"]
[Date "2024.03.31"]
[Round "4"]
[White "Wu, Andrew1"]
[Black "Houhou, Alexandre"]
[Result "0-1"]
[WhiteElo "1969"]
[BlackElo "2121"]
[PlyCount "98"]
[EventDate "2024.03.28"]
[EventType "swiss"]
[EventRounds "5"]
[EventCountry "USA"]
[SourceTitle "EXT 2025"]
[Source "ChessBase"]
[SourceDate "2024.10.14"]
[SourceVersion "1"]
[SourceVersionDate "2024.10.14"]
[SourceQuality "1"]

1. e4 e6 2. d4 d5 3. Nc3 Nf6 4. e5 Nfd7 5. f4 c5 6. Nf3 Nc6 7. Be3 cxd4 8. Nxd4 Bc5 9. Qd2 0-0 10. 0-0-0 a6 11. Nb3 Be7 12. Bd3 b5 13. Rhf1 Nb4 14. Be2 Qc7 15. Kb1 Bb7 16. a3 Nc6 17. Na2 Nb6 18. Bd3 Nc4 19. Qe2 Rfc8 20. Bc1 a5 21. Rf3 g6 22. c3 b4 23. a4 Ba6 24. cxb4 Nxb4 25. Nxb4 Bxb4 26. h4 Qd7 27. f5 Qxa4 28. fxg6 fxg6 29. Nd4 Rab8 30. b3 Bc3 31. Qa2 Qxa2+ 32. Kxa2 Bxd4 33. bxc4 Bxc4+ 34. Bxc4 Rxc4 35. g4 Rc2+ 36. Ka3 Rxc1 37. Rxc1 Bb2+ 38. Ka4 Bxc1 39. h5 Rb4+ 40. Kxa5 Rxg4 41. hxg6 Rxg6 42. Kb5 Bb2 43. Kc6 Bxe5 44. Kd7 Bg3 45. Ke7 h5 46. Rf8+ Kg7 47. Rf7+ Kh6 48. Kf8 Bd6+ 49. Ke8 Rg8+ 0-1

[Event "Sitges Sunway op 10th"]
[Site "Sitges"]
[Date "2023.12.19"]
[Round "7"]
[White "Houhou, Alexandre"]
[Black "Alinasab, Mobina"]
[Result "0-1"]
[WhiteElo "2122"]
[BlackElo "2306"]
[PlyCount "52"]
[EventDate "2023.12.12"]
[EventType "swiss"]
[EventRounds "10"]
[EventCountry "ESP"]
[SourceTitle "EXT 2025"]
[Source "ChessBase"]
[SourceDate "2024.10.14"]
[SourceVersion "1"]
[SourceVersionDate "2024.10.14"]
[SourceQuality "1"]

1. e4 c5 2. Nf3 e6 3. d4 cxd4 4. Nxd4 a6 5. Bd3 Bc5 6. Nb3 Ba7 7. 0-0 Nc6 8. Nc3 Nge7 9. Bf4 d6 10. Qd2 0-0 11. Rad1 b5 12. a4 b4 13. Na2 e5 14. Bg5 Rb8 15. Be2 f6 16. Bh4 Qe8 17. Qxd6 Qg6 18. Na5 Nxa5 19. Qxe7 Bd4 20. Rxd4 Bh3 21. Bg3 Nc6 22. Qd6 Nxd4 23. Bc4+ Kh8 24. gxh3 Rfd8 25. Qc5 Nf3+ 26. Kh1 Nd2 0-1

[Event "Sitges Sunway op 10th"]
[Site "Sitges"]
[Date "2023.12.16"]
[Round "5"]
[White "Houhou, Alexandre"]
[Black "Mak, Xiu Ning Charlene"]
[Result "1-0"]
[WhiteElo "2122"]
[BlackElo "1750"]
[PlyCount "127"]
[EventDate "2023.12.12"]
[EventType "swiss"]
[EventRounds "10"]
[EventCountry "ESP"]
[SourceTitle "EXT 2025"]
[Source "ChessBase"]
[SourceDate "2024.10.14"]
[SourceVersion "1"]
[SourceVersionDate "2024.10.14"]
[SourceQuality "1"]

1. e4 c5 2. Nf3 Nc6 3. d4 cxd4 4. Nxd4 g6 5. c4 Bg7 6. Be3 d6 7. Nc3 Nf6 8. Be2 0-0 9. 0-0 Bd7 10. h3 Nxd4 11. Bxd4 Bc6 12. Qc2 a5 13. b3 Nd7 14. Bxg7 Kxg7 15. Rfd1 Qb6 16. a3 Nc5 17. Rab1 f5 18. Nd5 Bxd5 19. exd5 f4 20. Bg4 h5 21. b4 axb4 22. axb4 Na6 23. Qc3+ Rf6 24. Re1 Qc7 25. Be6 Kh7 26. Qd4 Rb8 27. Rec1 b6 28. h4 Qb7 29. Re1 Qc7 30. Rbd1 Qb7 31. Qc3 Nc7 32. Bd7 Nxd5 33. Qh3 e6 34. Bxe6 Ne7 35. Bd7 Nf5 36. Bxf5 Rxf5 37. Qd3 Qd7 38. Re4 Rd8 39. Rde1 Qg7 40. Re6 Rf6 41. Qd5 Rd7 42. Qc6 Rxe6 43. Rxe6 Qf7 44. Rxd6 Rxd6 45. Qxd6 Qxc4 46. Qxb6 f3 47. Qb7+ Kg8 48. Qb8+ Kf7 49. Qb7+ Ke6 50. gxf3 Qxh4 51. Qc6+ Ke7 52. b5 Qg5+ 53. Kf1 h4 54. b6 h3 55. b7 Qg2+ 56. Ke2 Qh2 57. Qe4+ Kd7 58. Qg4+ Ke7 59. f4 Qg2 60. Qf3 Qg1 61. b8Q h2 62. Qe4+ Kf7 63. Qc7+ Kg8 64. Qa8# 1-0

[Event "Sitges Sunway op 10th"]
[Site "Sitges"]
[Date "2023.12.13"]
[Round "2"]
[White "Atanasov, Anthony"]
[Black "Houhou, Alexandre"]
[Result "1-0"]
[WhiteElo "2381"]
[BlackElo "2122"]
[PlyCount "95"]
[EventDate "2023.12.12"]
[EventType "swiss"]
[EventRounds "10"]
[EventCountry "ESP"]
[SourceTitle "EXT 2025"]
[Source "ChessBase"]
[SourceDate "2024.10.14"]
[SourceVersion "1"]
[SourceVersionDate "2024.10.14"]
[SourceQuality "1"]

1. d4 d5 2. Nf3 Nf6 3. Bf4 c5 4. e3 Nc6 5. Be2 cxd4 6. exd4 Bg4 7. c3 Bxf3 8. Bxf3 e6 9. Qb3 Qd7 10. Nd2 Bd6 11. Bxd6 Qxd6 12. Qxb7 Rb8 13. Nc4 Qd7 14. Qxd7+ Kxd7 15. Ne5+ Nxe5 16. dxe5 Ng8 17. 0-0-0 Ne7 18. Rhe1 Rhc8 19. Rd4 Rc5 20. Bd1 Nc6 21. Ba4 a5 22. Re3 Ke7 23. Bxc6 Rxc6 24. Rg3 Rcb6 25. b3 g6 26. Rh4 h5 27. Rf4 R8b7 28. Kb2 Rc6 29. h3 Rc5 30. Rgf3 Kf8 31. g4 g5 32. Rf6 hxg4 33. hxg4 Kg7 34. Rh3 Rc4 35. f3 Rf4 36. Rhh6 Rxf3 37. Rxf3 Kxh6 38. a4 Kg6 39. Ka3 f5 40. exf6 Rc7 41. b4 axb4+ 42. cxb4 Kf7 43. b5 d4 44. b6 Rb7 45. a5 e5 46. Rb3 e4 47. a6 Rb8 48. b7 1-0

[Event "Sitges op 47th"]
[Site "Sitges"]
[Date "2023.07.30"]
[Round "9"]
[White "Lacasa Diaz, Jose Antonio"]
[Black "Houhou, Alexandre"]
[Result "1-0"]
[WhiteElo "2360"]
[BlackElo "2095"]
[PlyCount "54"]
[EventDate "2023.07.22"]
[EventType "swiss"]
[EventRounds "9"]
[EventCountry "ESP"]
[SourceTitle "CBM 215 Extra"]
[Source "ChessBase"]
[SourceDate "2023.09.30"]
[SourceVersion "1"]
[SourceVersionDate "2023.09.30"]
[SourceQuality "1"]

1. e4 e6 2. d4 d5 3. e5 c5 4. c3 Nc6 5. Nf3 Qb6 6. a3 Nh6 7. b4 cxd4 8. cxd4 Nf5 9. Be3 f6 10. exf6 gxf6 11. Bd3 Nxe3 12. fxe3 Bd7 13. 0-0 Bh6 14. Qe2 0-0-0 15. Nc3 Ne7 16. Nd2 e5 17. Nb3 e4 18. Bc2 Rhg8 19. Kh1 Bg4 20. Qf2 Nf5 21. Rfe1 Bg5 22. Bd1 Kb8 23. Bxg4 Nxe3 24. Rxe3 Bxe3 25. Qxe3 Rxg4 26. Nc5 Qd6 27. Rf1 Rg5 1-0

[Event "Sitges op 46th"]
[Site "Sitges"]
[Date "2022.07.24"]
[Round "3"]
[White "Houhou, Alexandre"]
[Black "Clarke, Brandon GI"]
[Result "0-1"]
[WhiteElo "2185"]
[BlackElo "2486"]
[PlyCount "54"]
[EventDate "2022.07.22"]
[EventType "swiss"]
[EventRounds "9"]
[EventCountry "ESP"]
[SourceTitle "CBM 209 Extra"]
[Source "ChessBase"]
[SourceDate "2022.09.30"]
[SourceVersion "1"]
[SourceVersionDate "2022.09.30"]
[SourceQuality "1"]

1. e4 c5 2. Nf3 d6 3. d4 cxd4 4. Nxd4 Nf6 5. Nc3 g6 6. Be3 a6 7. f3 h5 8. h4 e5 9. Nb3 Be6 10. Qd2 Nbd7 11. Nd5 Bxd5 12. exd5 Rc8 13. c4 Bg7 14. Bd3 e4 15. fxe4 Ng4 16. Bg5 Qb6 17. 0-0-0 Nde5 18. Kb1 Nxd3 19. Qxd3 Nf2 20. Be3 Nxd3 21. Bxb6 Nxb2 22. c5 Nxd1 23. Rxd1 Kd7 24. Na5 dxc5 25. Nxb7 Rb8 26. Nxc5+ Kd6 27. Na4 Rxb6+ 0-1

[Event "EU Universities Rapid"]
[Site "Lodz"]
[Date "2022.07.18"]
[Round "7.6"]
[White "Eren, Ataberk"]
[Black "Houhou, Alexandre"]
[Result "1-0"]
[WhiteElo "2204"]
[BlackElo "2185"]
[PlyCount "91"]
[EventDate "2022.07.16"]
[EventType "team-swiss (rapid)"]
[EventRounds "9"]
[EventCountry "POL"]
[SourceTitle "CBM 209 Extra"]
[Source "ChessBase"]
[SourceDate "2022.09.30"]
[SourceVersion "1"]
[SourceVersionDate "2022.09.30"]
[SourceQuality "1"]
[WhiteTeam "Ozyegin Univ"]
[BlackTeam "SKEMA Business School"]
[WhiteTeamCountry "TUR"]
[BlackTeamCountry "FRA"]

1. d4 d5 2. Bf4 c5 3. e3 Nc6 4. c3 Qb6 5. Qb3 c4 6. Qc2 e5 7. dxe5 Bf5 8. Qc1 g5 9. Bg3 h5 10. h3 Bg7 11. Nf3 g4 12. hxg4 hxg4 13. Rxh8 Bxh8 14. Nd4 Nge7 15. Nd2 Bxe5 16. Bh4 Bd6 17. Bxe7 Nxe7 18. b3 cxb3 19. Bb5+ Kf8 20. axb3 Rc8 21. Nxf5 Nxf5 22. Bd7 Nxe3 23. Bxc8 Nxg2+ 24. Kf1 g3 25. Ne4 dxe4 26. Qh6+ Ke8 27. Qh8+ Ke7 28. Qd4 Qc6 29. Bxb7 Ne3+ 30. Qxe3 Qb5+ 31. c4 g2+ 32. Kxg2 Qh5 33. Qxe4+ Kf8 34. Re1 Qh2+ 35. Kf1 Qh3+ 36. Qg2 Qxb3 37. Bd5 Qd3+ 38. Kg1 Qd2 39. Qe4 Qg5+ 40. Kf1 Qh5 41. Qe8+ Kg7 42. Qe3 a5 43. Qf3 Qg6 44. Re4 f5 45. Re6 Qg5 46. Rxd6 1-0

[Event "Cappelle Online Blitz op"]
[Site "Europe Echecs INT"]
[Date "2022.01.09"]
[Round "10"]
[White "Houhou, Alexandre"]
[Black "Matnadze, Ana"]
[Result "0-1"]
[WhiteElo "2089"]
[BlackElo "2423"]
[PlyCount "64"]
[EventDate "2022.01.09"]
[EventType "swiss (blitz)"]
[EventRounds "11"]
[EventCountry "FRA"]
[SourceTitle "EXT 2023"]
[Source "ChessBase"]
[SourceDate "2022.10.05"]
[SourceVersion "1"]
[SourceVersionDate "2022.10.05"]
[SourceQuality "1"]

1. Nf3 Nf6 2. g3 d5 3. d4 g6 4. Bg2 Bg7 5. 0-0 0-0 6. c4 e6 7. Nc3 Na6 8. cxd5 exd5 9. Qb3 c6 10. Re1 Re8 11. Bg5 h6 12. Bf4 Nc7 13. Rad1 Ne6 14. Be5 Ne4 15. Bxg7 Nxg7 16. Nxe4 dxe4 17. Nd2 Qd5 18. Qc2 f5 19. e3 Be6 20. Bf1 Qxa2 21. Nc4 Qa6 22. Ra1 Qb5 23. Nd6 Qb4 24. Nxe8 Nxe8 25. Ra3 Qxe1 26. Rc3 Nf6 27. Qa4 Ng4 28. Rc2 a5 29. h3 Nh2 30. Kxh2 Qxf1 31. d5 f4 32. dxe6 f3 0-1

[Event "Cappelle Online Blitz op"]
[Site "Europe Echecs INT"]
[Date "2022.01.09"]
[Round "2"]
[White "Houhou, Alexandre"]
[Black "Postny, Evgeny"]
[Result "0-1"]
[WhiteElo "2089"]
[BlackElo "2568"]
[PlyCount "61"]
[EventDate "2022.01.09"]
[EventType "swiss (blitz)"]
[EventRounds "11"]
[EventCountry "FRA"]
[SourceTitle "EXT 2023"]
[Source "ChessBase"]
[SourceDate "2022.10.05"]
[SourceVersion "1"]
[SourceVersionDate "2022.10.05"]
[SourceQuality "1"]

1. e4 e5 2. Nf3 Nc6 3. d4 exd4 4. Nxd4 Bb4+ 5. c3 Bc5 6. Be3 Bb6 7. Nd2 Nf6 8. Bd3 d5 9. Nxc6 bxc6 10. Bxb6 axb6 11. Qc2 0-0 12. 0-0 h6 13. e5 Nd7 14. f4 Nc5 15. Bh7+ Kh8 16. Rf3 d4 17. cxd4 Qxd4+ 18. Kh1 Bg4 19. Rg3 Qxf4 20. Rf1 Qd4 21. h3 Be2 22. Rg1 Qxe5 23. Rc3 g6 24. Bxg6 fxg6 25. Qxg6 Rf6 26. Qc2 Rg8 27. b4 Ne6 28. Ne4 Rf4 29. Re3 Nd4 30. Qc3 Rxe4 31. Rxe2 0-1

[Event "Noisiel op 5th"]
[Site "Noisiel"]
[Date "2020.02.19"]
[Round "7"]
[White "Houhou, Alexandre"]
[Black "Roebers, Eline"]
[Result "1/2-1/2"]
[WhiteElo "2014"]
[BlackElo "2129"]
[PlyCount "164"]
[EventDate "2020.02.15"]
[EventType "swiss"]
[EventRounds "9"]
[EventCountry "FRA"]
[SourceTitle "CBM 195 Extra"]
[Source "ChessBase"]
[SourceDate "2020.05.31"]
[SourceVersion "1"]
[SourceVersionDate "2020.05.31"]
[SourceQuality "1"]

1. e4 c5 2. Nf3 Nc6 3. d4 cxd4 4. Nxd4 Nf6 5. Nc3 e5 6. Ndb5 d6 7. Bg5 a6 8. Na3 b5 9. Nd5 Be7 10. Bxf6 Bxf6 11. c3 Ne7 12. Nc2 Nxd5 13. Qxd5 Rb8 14. Nb4 Bb7 15. Qd3 0-0 16. Be2 Bg5 17. Rd1 f5 18. Bf3 Qf6 19. Nd5 Qf7 20. exf5 Qxf5 21. 0-0 Qxd3 22. Rxd3 Rbc8 23. Be4 Bd8 24. Rfd1 Kh8 25. f3 Bxd5 26. Rxd5 Be7 27. Bd3 Rc5 28. Be2 Rxd5 29. Rxd5 Rb8 30. Kf2 Kg8 31. Ke3 Kf7 32. Ke4 Ke6 33. c4 b4 34. b3 Bd8 35. c5 dxc5 36. Rxc5 Bf6 37. Rc6+ Ke7 38. Rxa6 Rd8 39. Bd3 Rd4+ 40. Ke3 h6 41. Rb6 Kd7 42. g3 Kc7 43. Ra6 Rd6 44. Ra5 Bg5+ 45. Ke2 Bf6 46. h4 Rd4 47. Ke3 Rd6 48. Ra4 Rb6 49. Ke4 Kd6 50. Bc4 Kc5 51. Ra5+ Kd6 52. Bb5 Kc5 53. Ba4+ Kd6 54. Ra7 Ke6 55. f4 exf4 56. gxf4 Be7 57. Rd7 Rd6 58. Rb7 Rd1 59. Bd7+ Kf6 60. Be8 Rd8 61. Bc6 Rd1 62. Bd5 Re1+ 63. Kf3 Rf1+ 64. Ke3 Bc5+ 65. Ke4 Re1+ 66. Kf3 Re7 67. Rb5 Re3+ 68. Kg4 g6 69. h5 gxh5+ 70. Kxh5 Bd6 71. Rb6 Kf5 72. Be4+ Rxe4 73. Rxd6 Re2 74. Kxh6 Kxf4 75. Ra6 Rg2 76. Kh5 Ke3 77. Ra4 Kd3 78. Rxb4 Rxa2 79. Kg4 Kc3 80. Rb8 Rb2 81. b4 Rxb4+ 82. Rxb4 Kxb4 1/2-1/2

[Event "Noisiel op 5th"]
[Site "Noisiel"]
[Date "2020.02.19"]
[Round "8"]
[White "Houhou, Alexandre"]
[Black "Roebers, Jan"]
[Result "0-1"]
[WhiteElo "2014"]
[BlackElo "2188"]
[PlyCount "72"]
[EventDate "2020.02.15"]
[EventType "swiss"]
[EventRounds "9"]
[EventCountry "FRA"]
[SourceTitle "CBM 195 Extra"]
[Source "ChessBase"]
[SourceDate "2020.05.31"]
[SourceVersion "1"]
[SourceVersionDate "2020.05.31"]
[SourceQuality "1"]

1. e4 e5 2. Nf3 Nc6 3. Bb5 a6 4. Ba4 Nf6 5. 0-0 Be7 6. Re1 b5 7. Bb3 0-0 8. a4 b4 9. a5 d6 10. h3 Rb8 11. Bc4 Be6 12. Qe2 Bxc4 13. Qxc4 Qd7 14. Qxa6 Ra8 15. Qe2 Nxa5 16. d4 exd4 17. Nxd4 c5 18. Nf5 Nc6 19. Rxa8 Rxa8 20. Qb5 Bf8 21. Nd2 g6 22. Ne3 Nd4 23. Qd3 Qe6 24. c3 Nc6 25. Nd5 Nxd5 26. Qxd5 Qxd5 27. exd5 Ne5 28. cxb4 Nd3 29. Rf1 Nxb4 30. Ne4 Nxd5 31. Rd1 Ra1 32. Kh2 f5 33. Rxd5 fxe4 34. Bd2 Rd1 35. g4 Kf7 36. f3 e3 0-1

[Event "Noisiel op 5th"]
[Site "Noisiel"]
[Date "2020.02.18"]
[Round "6"]
[White "Parnali, S Dharia"]
[Black "Houhou, Alexandre"]
[Result "1-0"]
[WhiteElo "2275"]
[BlackElo "2014"]
[PlyCount "129"]
[EventDate "2020.02.15"]
[EventType "swiss"]
[EventRounds "9"]
[EventCountry "FRA"]
[SourceTitle "CBM 195 Extra"]
[Source "ChessBase"]
[SourceDate "2020.05.31"]
[SourceVersion "1"]
[SourceVersionDate "2020.05.31"]
[SourceQuality "1"]

1. d4 Nf6 2. c4 g6 3. Nc3 d5 4. cxd5 Nxd5 5. Bd2 Bg7 6. e4 Nxc3 7. Bxc3 0-0 8. Bc4 c5 9. Ne2 cxd4 10. Nxd4 Nc6 11. Nxc6 Bxc3+ 12. bxc3 bxc6 13. Qa4 Qc7 14. 0-0 Rd8 15. h4 Bg4 16. f3 Bd7 17. Qa3 c5 18. Rad1 Be6 19. Bxe6 fxe6 20. Qa6 Rd6 21. Rxd6 exd6 22. Rd1 Rd8 23. e5 Qb6 24. Qxb6 axb6 25. Rb1 Rb8 26. exd6 Kf7 27. c4 Ke8 28. a4 Kd7 29. a5 Kxd6 30. Kf2 Kc7 31. Rb5 bxa5 32. Rxc5+ Kd6 33. Rxa5 Rc8 34. Ra7 Rh8 35. Ke3 Ke5 36. g4 h6 37. Ra5+ Kd6 38. Ra6+ Ke5 39. f4+ Kf6 40. Ke4 Rc8 41. g5+ hxg5 42. hxg5+ Ke7 43. Kd4 Rf8 44. Ra7+ Kd6 45. c5+ Kc6 46. Ra6+ Kd7 47. Ke4 Rf5 48. Ra7+ Ke8 49. Rg7 Rxc5 50. Rxg6 Kf7 51. Rf6+ Ke7 52. Rh6 Rc4+ 53. Ke5 Rc5+ 54. Kd4 Rf5 55. Rh7+ Kd6 56. Ke4 Ra5 57. g6 Ra1 58. Rf7 Re1+ 59. Kf3 Rg1 60. g7 Kd5 61. Rd7+ Kc6 62. Ra7 Kd6 63. Ke3 Kd5 64. Ra5+ Kd6 65. Rg5 1-0

[Event "Noisiel op 5th"]
[Site "Noisiel"]
[Date "2020.02.15"]
[Round "1"]
[White "Houhou, Alexandre"]
[Black "Ivanov, Mikhail M"]
[Result "0-1"]
[WhiteElo "2014"]
[BlackElo "2353"]
[PlyCount "82"]
[EventDate "2020.02.15"]
[EventType "swiss"]
[EventRounds "9"]
[EventCountry "FRA"]
[SourceTitle "CBM 195 Extra"]
[Source "ChessBase"]
[SourceDate "2020.05.31"]
[SourceVersion "1"]
[SourceVersionDate "2020.05.31"]
[SourceQuality "1"]

1. e4 d6 2. d4 g6 3. Nc3 a6 4. Nf3 Bg7 5. Be3 b5 6. Bd3 Bb7 7. a4 b4 8. Ne2 Nf6 9. Ng3 Nbd7 10. a5 c5 11. c3 0-0 12. cxb4 Ng4 13. Bc1 cxd4 14. h3 Nge5 15. Nxd4 Nxd3+ 16. Qxd3 d5 17. Be3 dxe4 18. Nxe4 Ne5 19. Qc2 Rc8 20. Nc5 Bxg2 21. Rg1 Bf3 22. Rg3 Qd5 23. Qb3 Qa8 24. Nxf3 Nxf3+ 25. Ke2 Nd4+ 26. Bxd4 Bxd4 27. Qc4 Bxb2 28. Ra2 Bf6 29. Qxa6 Rxc5 30. Qxa8 Re5+ 31. Re3 Rxa8 32. Rxe5 Bxe5 33. Kd3 Kf8 34. Ke4 Bc3 35. a6 Bxb4 36. Kd5 Be1 37. f3 Bf2 38. Kc6 Bd4 39. Kb7 Ra7+ 40. Kb8 e5 41. Ra4 Re7 0-1

[Event "Montigny le Bretonneux Noel op 17th"]
[Site "Montigny le Bretonneux"]
[Date "2016.12.30"]
[Round "7"]
[White "Houhou, Alexandre"]
[Black "Appavou, Calixte"]
[Result "1-0"]
[WhiteElo "1679"]
[BlackElo "1917"]
[PlyCount "135"]
[EventDate "2016.12.26"]
[EventType "swiss"]
[EventRounds "7"]
[EventCountry "FRA"]
[SourceTitle "CBM 176 Extra"]
[Source "ChessBase"]
[SourceDate "2017.03.02"]
[SourceVersion "1"]
[SourceVersionDate "2017.03.02"]
[SourceQuality "1"]

1. e4 e5 2. Nf3 Nc6 3. Bb5 d6 4. d4 exd4 5. Nxd4 Bd7 6. 0-0 Be7 7. Nc3 Nf6 8. Re1 0-0 9. Bf4 Ne5 10. Bxd7 Nfxd7 11. Nd5 Bf6 12. c3 Nb6 13. b3 Nxd5 14. exd5 Ng6 15. Qd2 Qd7 16. Rad1 Rfe8 17. h3 Be5 18. Bxe5 dxe5 19. Nf3 e4 20. Ng5 f5 21. Ne6 Nf8 22. Qf4 Nxe6 23. dxe6 Qxe6 24. Qxc7 Re7 25. Qd6 Qxd6 26. Rxd6 Rc8 27. c4 Kf7 28. Red1 Rcc7 29. Kf1 a6 30. R1d5 g6 31. Ke2 f4 32. g3 e3 33. gxf4 exf2+ 34. Kxf2 Kg7 35. Kf3 Rf7 36. Kg4 Rce7 37. Rd4 Re3 38. Rd7 Ree7 39. Rxe7 Rxe7 40. Rd6 Rf7 41. c5 Kf8 42. c6 bxc6 43. Rxc6 Ra7 44. Kg5 Kg7 45. h4 h6+ 46. Kg4 a5 47. h5 gxh5+ 48. Kxh5 a4 49. Rg6+ Kf8 50. Rb6 axb3 51. axb3 Rf7 52. Kg4 Kg7 53. f5 Rd7 54. Rg6+ Kh7 55. Kh5 Rb7 56. Rxh6+ Kg7 57. f6+ Kg8 58. Kg6 Rg7+ 59. Kf5 Rb7 60. Rh3 Rb4 61. Rg3+ Kf7 62. Rg7+ Kf8 63. Rg3 Kf7 64. Rf3 Rb5+ 65. Ke4 Ke6 66. Kd4 Rb4+ 67. Kc5 Rb8 68. b4 1-0